000 00610nam a22002057a 4500
005 20170124110112.0
010 _a918930
020 _c00.00
_a0500130124
035 _a918930
037 _bCen Lib/Ret
040 _aDPL
_bEN
082 _a921
_bHUX
100 _aHuxley, Julian
_9104459
245 _aCharles Darwin and his world /
_cby Julian Huxley [and] H B D Kettlewell
260 _aLondon
_bThames and Hudson
_c1974
300 _a141p. :
_c22cm(Hb)
_bill.
650 _aDarwin, Charles, -- 1809-1882
_929259
700 _aKettlewell, H. B. D
_929260
942 _2ddc
_cEN
_h921
_mHUX
999 _c130461
_d130461